Sports Quiz

Random Sports or Decade Quiz

2010s Top Scorers: Boston Celtics Quiz Stats

 Plays Quiz Updated May 19, 2020

Support Sporcle.
Go Orange.
Score 0/10 Timer 02:00
8 Plays Today
Season Player % Correct
2010-11Paul Pierce
97.1%
2011-12Paul Pierce
97%
2012-13Paul Pierce
97%
2017-18Kyrie Irving
90.4%
2018-19Kyrie Irving
90.4%
2009-10Ray Allen
87.9%
2015-16Isaiah Thomas
85%
2016-17Isaiah Thomas
85%
2014-15Avery Bradley
38%
2013-14Jeff Green
28%

You're not logged in!

Compare scores with friends on all Sporcle quizzes.
OR
Log In

From the Vault

Antonio Brown's 2019 Teams

by scole9179

What's the over/under on us needing to update this quiz next week?
Remove Ads.
Support Sporcle.
Get the best of Sporcle when you Go Orange. This ad-free experience offers more features, more stats, and more fun while also helping to support Sporcle. Thank you for becoming a member.

Show Comments

Extras

Top Quizzes Today


Score Distribution

Your Account Isn't Verified!

In order to create a playlist on Sporcle, you need to verify the email address you used during registration. Go to your Sporcle Settings to finish the process.

Report this User

Report this user for behavior that violates our Community Guidelines.

Details: